000 00470nam a2200169Ia 4500
003 GCL
008 140319s9999 xx 000 0 eng d
040 _aGCL /
_cGCL
082 0 4 _a617.601
_bF P
100 1 _aFRANDSEN, ASGER
245 1 0 _aPREVENTIVE DENTISTRY IN PRACTICE: COMMUNICATION AND APPLICATION /
_cFRANDSEN, ASGER
260 _a[S.N] :
_bMUNKSGOOARD ،
_c1967
300 _a152 P
650 0 4 _aDENTISTRY
650 0 4 _aPREVENTIVE DENTISTRY
942 _2ddc
_cBK
999 _c14807
_d14807